|
|
|
|
| LEADER |
00000nam a2200000 4500 |
| 001 |
vtls011748926 |
| 003 |
SK-MaSNL |
| 005 |
20260301095418.0 |
| 008 |
200104s2017 xo dl f bn 000 0 slo |
| 015 |
|
|
|a SNBA2018/05
|
| 015 |
|
|
|a SNBSAB2017
|
| 020 |
|
|
|a 9788055217833
|q (brožované)
|
| 035 |
|
|
|a urn:nbn:sk:snk-am00d5du
|
| 035 |
|
|
|a urn:nbn:sk:snk-am3hmav
|
| 035 |
|
|
|a 0C58176D-779F-42A1-B449-D2AEE11C27BC
|
| 040 |
|
|
|a SNK
|b slo
|c SNK
|e rda
|
| 041 |
|
0 |
|a slo
|b eng
|
| 044 |
|
|
|a xo
|c SK
|
| 072 |
|
7 |
|a 636
|x Chov zvierat. Živočíšna výroba
|2 konspekt
|
| 080 |
|
|
|a 636.4
|2 2011
|
| 080 |
|
|
|a (01)-048.58
|2 2011
|
| 080 |
|
|
|a 536.4-026.653
|2 2001
|
| 080 |
|
|
|a 637.5:636.4
|2 2011
|
| 080 |
|
|
|a 591.5
|2 2011
|
| 080 |
|
|
|a (048.8)
|2 2011
|
| 100 |
1 |
|
|a Debrecéni, Ondrej,
|d 1950-
|4 aut
|9 107323
|
| 245 |
1 |
0 |
|a Vplyv tepelnej záťaže na adaptačné mechanizmy a produkčné parametre ošípaných
|c Ondrej Debrecéni, Andrea Lehotayová, Ondřej Bučko, Wojciech Kapelański, Peter Juhás, Juraj Petrák
|
| 250 |
|
|
|a Vydanie prvé
|
| 264 |
|
1 |
|a Nitra
|b Slovenská poľnohospodárska univerzita v Nitre
|c 2017
|
| 300 |
|
|
|a 104 strán, 23 strán tabuľkových a fotografických príloh
|b grafy, tabuľky
|c 24 cm
|
| 336 |
|
|
|a text
|b txt
|2 rdacontent
|
| 337 |
|
|
|a bez média
|b n
|2 rdamedia
|
| 338 |
|
|
|a zväzok
|b nc
|2 rdacarrier
|
| 366 |
|
|
|e 100 kusov
|
| 504 |
|
|
|a Bibliografia na s. 87-101 ; 13 záznamov výberovej bibliografie
|
| 650 |
0 |
7 |
|a ošípané
|2 SNKPH
|9 2795
|
| 650 |
0 |
7 |
|a Pigs
|2 SNKPHeng
|9 327596
|
| 650 |
0 |
7 |
|a vysoké teploty
|2 SNKPH
|9 105698
|
| 650 |
0 |
7 |
|a Temperature
|2 SNKPHeng
|9 330504
|
| 650 |
0 |
7 |
|a bravčové mäso
|2 SNKPH
|9 71050
|
| 650 |
0 |
7 |
|a Pork
|2 SNKPHeng
|9 144435
|
| 650 |
0 |
7 |
|a etológia
|2 SNKPH
|9 18564
|
| 650 |
0 |
7 |
|a Ethology
|2 SNKPHeng
|9 285707
|
| 655 |
|
7 |
|a monografie
|2 SNKPH
|9 70139
|
| 655 |
|
7 |
|a Monographs
|2 SNKPHeng
|9 120675
|
| 655 |
|
7 |
|a výberové bibliografie
|2 SNKPH
|9 70561
|
| 655 |
|
7 |
|a Selected bibliographies
|2 SNKPHeng
|9 275217
|
| 700 |
1 |
|
|a Lehotayová, Andrea
|4 aut
|9 430726
|
| 700 |
1 |
|
|a Bučko, Ondřej,
|d 1974-
|4 aut
|9 189178
|
| 700 |
1 |
|
|a Kapelański, Wojciech
|4 aut
|9 430727
|
| 700 |
1 |
|
|a Juhás, Peter,
|d 1966-
|4 aut
|9 412802
|
| 700 |
1 |
|
|a Petrák, Juraj
|4 aut
|9 430728
|
| 919 |
|
|
|a 978-80-552-1783-3
|
| 958 |
|
|
|a NB
|
| 958 |
|
|
|a SF
|
| 999 |
|
|
|c 683024
|d 684954
|
| 952 |
|
|
|a SNK
|b SNK
|y PREZ
|7 0
|p 17A1323326
|o snkSC 178934
|i snk2018/7571
|8 0
|0 0
|1 0
|4 0
|d 2018-04-03
|f 1
|l 0
|r 2026-02-23 20:03:02
|w 2026-02-23
|
| 952 |
|
|
|a SNK
|b SNK
|y VYP
|7 0
|p 17A1323327
|o snkSC 178934 D1
|i snk2018/7572
|8 0
|0 0
|1 0
|4 0
|d 2018-04-03
|l 0
|r 2026-02-23 20:03:02
|w 2026-02-23
|